000 00587nam a2200133Ia 4500
008 220615s9999||||xx |||||||||||||| ||und||
020 _a9782890000000
245 0 _aCoral Reefs in the Anthropocene
546 _aEnglish[eng]
650 _aReef organisms||health state||climate change||coral reef conservation
700 _aSweet, Michael||Andradi-Brown, Dominic A.||Robert Voolstra, Christian||Ellen Ivy Head, Catherine||Curnick, David||Frazer, Thomas K.||Banaszak, Anastazia T.
856 _uhttps://www.frontiersin.org/research-topics/6185/coral-reefs-in-the-anthropocene
942 _cEB
999 _c8111
_d8111